000 01315nam0a22002891 4500
001 rc\2710389
005 20260408022620.0
035 _a(NLR Aleph) 006838323
090 _a6618620
_c6618620
100 _a20110915d1934 |||y0rusy50 ca
101 0 _arus
102 _aRU
105 _ay z |||||
200 1 _aРуководство по учету и отчетности культурных баз Комитета Севера при ВЦИК на 1934-1935 гг.
_fСост.: А. Варламов, Р. Гартман, Л. Мант и С. Попов
_gПод общ. ред. Л. Мант
_gКом-т содействия народностям сев. окраин при Президиуме ВЦИК
210 _aМосква
_cВласть советов
_d1934
_gтип. ВЦИК
215 _aОбл., 104 с.
_d23х16 см.
702 1 _aПопов
_bС.
_4220
702 1 _aМант
_bЛ.
_4220
_4340
702 1 _aГартман
_bР.
_4220
702 1 _aВарламов
_bА.К.
_gАлексей Кузьмич
_4220
710 0 1 _aРСФСР
_bКомитет содействия народностям северных окраин
_3RU\NLR\AUTH\8810182963
_9862642
801 0 _aRU
_bNLR
_gpsbo
801 1 _aRU
_bELAR
_2rusmarc
852 _aNLR
_j34-11/1609
942 _cBOOK
980 _aNB